Pohybové hry. /

Saved in:
Bibliographic Details
Main Author: Argaj, Gustáv (Author)
Format: Book
Language:Slovak
Published: Bratislava : Univerzita Komenského, vydavateľstvo, 1994
Edition:1. vyd.
Subjects:
ISBN: 8022307874 (brož.)
Physical Description: 103 s.
Tags: Add Tag
No Tags, Be the first to tag this record!

MARC

LEADER 00000nam a2200000 a 4500
001 000034607
003 SVKK
005 19990614000000.0
008 950315s1994 xo e sloo
020 |a 8022307874 (brož.) 
040 |a SVKKK  |b slo  |c SVKKK  |e AACR2 
041 0 |a slo 
044 |a xo  |c SK 
080 |a 796.2(075.8)  |2 1997 
100 1 |a Argaj, Gustáv  |4 aut 
245 1 0 |a Pohybové hry. /  |c Gustáv Argaj...[et al.] 
250 |a 1. vyd. 
260 |a Bratislava :  |b Univerzita Komenského, vydavateľstvo,  |c 1994 
300 |a 103 s. 
653 0 |a hry pohybové  |2 SVKKKPH 
653 0 |a učebnice vysokých škôl  |2 SVKKKPH 
655 7 |a učebnice vysokých škôl  |2 SVKKKPH 
910 |a svkkk 
919 |a 80-223-0787-4 
974 |a MI  |d 19950411 
974 |a KL  |d 19950403 
974 |a MI  |d 19990614 
998 |a BK 
090 |g SCKHL  |k Sklad Pribinova 3. posch.  |a V.192189  |j 880275  |i 2720189095  |s Absenčne 
090 |g SCKHL  |k Sklad Pribinova 3. posch.  |a V.192458  |j 881193  |i 2720177167  |s Absenčne 
090 |g SCKHL  |k Sklad Pribinova 3. posch.  |a V.192459  |j 881194  |i 2720179704  |s Absenčne